|
|
|
|
| LEADER |
00000nam0a2200000 4500 |
| 001 |
99279 |
| 005 |
20231031111630.0 |
| 020 |
|
|
|a RU
|b 80-3177
|
| 035 |
|
|
|a (RuTPU)RU\TPU\book\106510
|
| 090 |
|
|
|a 99279
|
| 100 |
|
|
|a 20060630d1979 k a0rusy5003 ca
|
| 101 |
0 |
|
|a rus
|
| 102 |
|
|
|a KZ
|
| 105 |
|
|
|a a z 001zy
|
| 200 |
1 |
|
|a Адсорбция и взаимодействие простейших газов с металлами 8 группы (CO, H, O)
|f Н. М. Попова, Л. В. Бабенкова, Г. А. Савельева
|
| 210 |
|
|
|a Алма-Ата
|c Наука
|d 1979
|
| 215 |
|
|
|a 279 с.
|d 22 см
|
| 610 |
1 |
|
|a хемосорбция
|
| 610 |
1 |
|
|a взаимодействие
|
| 610 |
1 |
|
|a адсорбция
|
| 675 |
|
|
|a 544.723
|z rus
|
| 700 |
|
1 |
|a Попова
|b Н. М.
|g Нина Михайловна
|4 070
|
| 701 |
|
1 |
|a Бабенкова
|b Л. В.
|g Любовь Васильевна
|
| 701 |
|
1 |
|a Савельева
|b Г. А.
|g Галина Андреевна
|
| 801 |
|
0 |
|a RU
|b RuMRKP
|c 19950704
|g psbo
|
| 801 |
|
1 |
|a RU
|b 63413507
|c 20060630
|g PSBO
|
| 801 |
|
2 |
|a RU
|b 63413507
|c 20181208
|g PSBO
|
| 942 |
|
|
|c BK
|